Journal of business finance & accounting.

Bibliographic Details
Uniform Title:Journal of business finance & accounting (Online)
Format: Journal
Language:English
Published: [Oxford] : Blackwell Publishers.
Subjects:
Online Availability: Check for online availability

MARC

Tag First Indicator Second Indicator Subfields
LEADER 00000cas a2200000Ia 4500
001 in00001761521
005 20151025070445.0
006 m d
007 cr mnu--------
008 030602c19uu9999enkbx p s 0 a0eng d
022 |y 0306-686X 
035 |a (OCoLC)ocm37772888 
037 |b Blackwell Publishers Ltd., 108 Cowley Road, Oxford OX4 1JF, England 
040 |a F#A  |c F#A  |d OCL  |d OCLCQ  |d UtOrBLW 
049 |a TXAM 
090 |a HG1  |b .J581 Electronic 
092 |a 332 
130 0 |a Journal of business finance & accounting (Online) 
245 1 0 |a Journal of business finance & accounting. 
246 3 0 |a Journal of business finance and accounting 
264 1 |a [Oxford] :  |b Blackwell Publishers. 
310 |a Eight issues yearly 
336 |a text  |b txt  |2 rdacontent 
337 |a computer  |b c  |2 rdamedia 
338 |a online resource  |b cr  |2 rdacarrier 
500 |a Made available through: OCLC FirstSearch Electronic Collections Online. 
500 |a Description based on: Volume 24, number 1 (Jan. 1997); title from journal information screen. 
506 |a Subscription required for access to abstracts and full text. 
516 |a Electronic journal articles are available in portable document format (PDF). Abstracts are in HTML format. 
530 |a Electronic version of: Journal of business finance & accounting. 
538 |a System requirements: World Wide Web browser, Internet connectivity, and Adobe Acrobat reader. 
538 |a Mode of access: World Wide Web. 
556 8 |a User's guide available online via World Wide Web. Service guide also available via World Wide Web. 
500 |a Electronic resource. 
650 0 |a Finance  |v Periodicals. 
650 0 |a Accounting  |v Periodicals. 
650 0 |a Business  |v Periodicals. 
776 1 |t Journal of business finance & accounting  |x 0306-686X  |w (DLC) 82644503  |w (OCoLC)989252 
949 |a AM_DB_MFHD URL added  |b h  |c 2003/7/14  |d c  |e rstovall5  |f 12:08:26 pm 
994 |a E0  |b TXA 
999 |a MARS 
999 f f |s 757ec2ff-cd5f-327d-85b4-d5d2ab5ad2e0  |i c571dde4-4e5f-30b4-9daa-b41b3b4a1160  |t 0 
952 f f |a Texas A&M University  |b College Station  |c Electronic Resources  |d Available Online  |t 0  |e HG1 .J581  |g Electronic  |h Library of Congress classification 
998 f f |a HG1 .J581  |t 0  |l Available Online